| 000 | 00347nam a2200145Ia 4500 | ||
|---|---|---|---|
| 008 | 150201s2007 xx 000 0 und d | ||
| 082 |
_a611 _bA2007F |
||
| 100 | _aFEHRENBACH,MARGART | ||
| 245 | _aANATOMY OF THE HEAD & NECK | ||
| 250 | _a3RD | ||
| 260 |
_bSAUNDERS _aPHILADELPHIA _c2007 |
||
| 300 | _a1-341 | ||
| 650 | _aANATOMY | ||
| 942 |
_2ddc _cBK |
||
| 999 |
_c3740 _d3740 |
||